000 01164nam a2200289Ia 4500
001 ebr10288314
003 CaPaEBR
006 m u
007 cr cn|||||||||
008 080722s2009 enka sb 001 0 eng d
020 _z9780199289646
020 _z0199289646
040 _aCaPaEBR
_cCaPaEBR
035 _a(OCoLC)320628343
050 1 4 _aJF1351
_b.M83 2009eb
100 1 _aMulgan, Geoff.
245 1 4 _aThe art of public strategy
_h[electronic resource] :
_bmobilizing power and knowledge for the common good /
_cGeoff Mulgan.
260 _aOxford ;
_aNew York :
_bOxford University Press,
_c2009.
300 _ax, 306 p. :
_bill.
504 _aIncludes bibliographical references (p. [261]-284) and indexes.
533 _aElectronic reproduction.
_bPalo Alto, Calif. :
_cebrary,
_d2009.
_nAvailable via World Wide Web.
_nAccess may be limited to ebrary affiliated libraries.
650 0 _aPublic administration.
650 0 _aStrategic planning.
655 7 _aElectronic books.
_2local
710 2 _aebrary, Inc.
856 4 0 _uhttp://site.ebrary.com/lib/rucke/Doc?id=10288314
_zAn electronic book accessible through the World Wide Web; click to view
999 _c986
_d986